<?xml version="1.0" encoding="UTF-8"?>
<record
    xmlns:xsi="http://www.w3.org/2001/XMLSchema-instance"
    xsi:schemaLocation="http://www.loc.gov/MARC21/slim http://www.loc.gov/standards/marcxml/schema/MARC21slim.xsd"
    xmlns="http://www.loc.gov/MARC21/slim">

  <leader>02303nam a22005777a 4500</leader>
  <controlfield tag="003">OSt</controlfield>
  <controlfield tag="005">20230816111433.0</controlfield>
  <controlfield tag="008">220929b        |||||||| |||| 00| 0 eng d</controlfield>
  <datafield tag="040" ind1=" " ind2=" ">
    <subfield code="c">Biblioteca Lado V</subfield>
  </datafield>
  <datafield tag="082" ind1=" " ind2=" ">
    <subfield code="a">779.942.092</subfield>
    <subfield code="b">I12o</subfield>
  </datafield>
  <datafield tag="100" ind1=" " ind2=" ">
    <subfield code="9">938</subfield>
    <subfield code="a">Ibarra, Alejandro</subfield>
    <subfield code="e">editor</subfield>
  </datafield>
  <datafield tag="245" ind1=" " ind2=" ">
    <subfield code="a">Orgullo/</subfield>
    <subfield code="b">Gu&#xED;a del dosmil diecinueve/</subfield>
  </datafield>
  <datafield tag="260" ind1=" " ind2=" ">
    <subfield code="b">Frente por los derechos igualitarios</subfield>
    <subfield code="c">2019</subfield>
    <subfield code="a">Costa Rica</subfield>
  </datafield>
  <datafield tag="300" ind1=" " ind2=" ">
    <subfield code="a">104p.</subfield>
    <subfield code="c">16.5x21.5cm</subfield>
  </datafield>
  <datafield tag="490" ind1=" " ind2=" ">
    <subfield code="v">2019</subfield>
    <subfield code="a">6</subfield>
  </datafield>
  <datafield tag="505" ind1=" " ind2=" ">
    <subfield code="a">Editorial</subfield>
    <subfield code="r">David Ulloa</subfield>
  </datafield>
  <datafield tag="505" ind1=" " ind2=" ">
    <subfield code="a">Hitos 2018-2019</subfield>
    <subfield code="t">MARGARITA SALAS</subfield>
  </datafield>
  <datafield tag="505" ind1=" " ind2=" ">
    <subfield code="a">+VIHVO QUE NUNCA</subfield>
    <subfield code="r">ANDRES RANGEL &amp; NOLDO VEGA</subfield>
  </datafield>
  <datafield tag="505" ind1=" " ind2=" ">
    <subfield code="a">MINORIAS O MINORIZADOS?</subfield>
    <subfield code="r">JOSE JIMENEZ</subfield>
  </datafield>
  <datafield tag="505" ind1=" " ind2=" ">
    <subfield code="a">HACKEAR EL SISTEMA DESDE DENTRO</subfield>
    <subfield code="t">ANA GABRIEL Z APONTE</subfield>
  </datafield>
  <datafield tag="505" ind1=" " ind2=" ">
    <subfield code="a">LA REVOLUCION COCHONA </subfield>
    <subfield code="g">URA CALLEJAS</subfield>
  </datafield>
  <datafield tag="505" ind1=" " ind2=" ">
    <subfield code="a">TRASTORNO DE HETEROSEXUALIDAD</subfield>
    <subfield code="t">MARIA SOTO</subfield>
  </datafield>
  <datafield tag="505" ind1=" " ind2=" ">
    <subfield code="a">SER LGBTIQ+ EN LA PERIFERIA</subfield>
    <subfield code="g">MARIANA ALPIZAR</subfield>
  </datafield>
  <datafield tag="505" ind1=" " ind2=" ">
    <subfield code="a">GUANACASTE: HOGAR DE MUJERES TRANS</subfield>
    <subfield code="r">ANDREA RODRIGUEZ</subfield>
  </datafield>
  <datafield tag="505" ind1=" " ind2=" ">
    <subfield code="a">DEFENDER LA FAMILIA</subfield>
    <subfield code="g">SHI ALARCON </subfield>
  </datafield>
  <datafield tag="505" ind1=" " ind2=" ">
    <subfield code="a">SHINNING BUT STILL WHINING </subfield>
    <subfield code="r">ANA MARCELA VEGA N.</subfield>
  </datafield>
  <datafield tag="505" ind1=" " ind2=" ">
    <subfield code="a">EPIFANIA DE UNA SOTANA </subfield>
    <subfield code="r">WARREN GONZALEZ </subfield>
  </datafield>
  <datafield tag="505" ind1=" " ind2=" ">
    <subfield code="a">EL FUTURO ES INCLUSIVO</subfield>
    <subfield code="r">MOMO</subfield>
  </datafield>
  <datafield tag="505" ind1=" " ind2=" ">
    <subfield code="a">DRAGS BY COLORS</subfield>
  </datafield>
  <datafield tag="505" ind1=" " ind2=" ">
    <subfield code="a">YA NO TE ESPERO</subfield>
    <subfield code="r">ROY ACU&#xD1;A</subfield>
  </datafield>
  <datafield tag="505" ind1=" " ind2=" ">
    <subfield code="a">CERTIFICADO DE EXISTENCIA</subfield>
  </datafield>
  <datafield tag="505" ind1=" " ind2=" ">
    <subfield code="a">EL CUMPLEA&#xD1;OS 15</subfield>
    <subfield code="r">SIAK</subfield>
  </datafield>
  <datafield tag="505" ind1=" " ind2=" ">
    <subfield code="a">EL KIKI AMOR</subfield>
  </datafield>
  <datafield tag="505" ind1=" " ind2=" ">
    <subfield code="a">REPRESENTACI&#xD3;N LGBTIQ+  EN EL CINE Y TV</subfield>
    <subfield code="r">OSCAR JIMENEZ</subfield>
  </datafield>
  <datafield tag="505" ind1=" " ind2=" ">
    <subfield code="a">PAGINAS QUE PASAN DE MANO EN MANO</subfield>
  </datafield>
  <datafield tag="505" ind1=" " ind2=" ">
    <subfield code="a">BREN_18_No._CAM</subfield>
    <subfield code="g">PABLO MILLER</subfield>
  </datafield>
  <datafield tag="505" ind1=" " ind2=" ">
    <subfield code="a">JIGOKU-DAYU</subfield>
    <subfield code="r">GABRIEL VERDESIA</subfield>
  </datafield>
  <datafield tag="505" ind1=" " ind2=" ">
    <subfield code="a">PRIMAVERAS </subfield>
    <subfield code="r">MARIAM WO CHING</subfield>
  </datafield>
  <datafield tag="505" ind1=" " ind2=" ">
    <subfield code="a">ACTIVIDAD VOLC'ANICA</subfield>
    <subfield code="r">MAU DURAN</subfield>
  </datafield>
  <datafield tag="505" ind1=" " ind2=" ">
    <subfield code="a">POEMAS NO BINARIOS</subfield>
    <subfield code="g">MELINA VALDELOMAR</subfield>
  </datafield>
  <datafield tag="505" ind1=" " ind2=" ">
    <subfield code="a">EXISTENCIA GRISACEA</subfield>
    <subfield code="r">JOS'E DANIEL CLARKE</subfield>
  </datafield>
  <datafield tag="505" ind1=" " ind2=" ">
    <subfield code="a">CIENCIA, ALIADA O ENEMIGA?</subfield>
    <subfield code="r">MIGUEL ROJAS</subfield>
  </datafield>
  <datafield tag="505" ind1=" " ind2=" ">
    <subfield code="a">PREP</subfield>
    <subfield code="r">FRANCISCO RIOS</subfield>
  </datafield>
  <datafield tag="650" ind1=" " ind2=" ">
    <subfield code="2">Tesauro de Arte &amp; Arquitectura</subfield>
    <subfield code="a">ARTE</subfield>
  </datafield>
  <datafield tag="650" ind1=" " ind2=" ">
    <subfield code="2">Tesauro de Arte &amp; Arquitectura</subfield>
    <subfield code="a">DIVERSIDAD</subfield>
  </datafield>
  <datafield tag="650" ind1=" " ind2=" ">
    <subfield code="2">Tesauro de Arte &amp; Arquitectura</subfield>
    <subfield code="a">ORGULLO</subfield>
  </datafield>
  <datafield tag="650" ind1=" " ind2=" ">
    <subfield code="2">Tesauro de Arte &amp; Arquitectura</subfield>
    <subfield code="a">HOMOSEXUALIDAD</subfield>
  </datafield>
  <datafield tag="650" ind1=" " ind2=" ">
    <subfield code="2">Tesauro de Arte &amp; Arquitectura</subfield>
    <subfield code="a">CRITICA</subfield>
  </datafield>
  <datafield tag="651" ind1=" " ind2=" ">
    <subfield code="2">Tesauro de Arte &amp; Arquitectura</subfield>
    <subfield code="a">COSTA RICA</subfield>
  </datafield>
  <datafield tag="942" ind1=" " ind2=" ">
    <subfield code="2">ddc</subfield>
    <subfield code="c">1</subfield>
    <subfield code="h">779.942.092</subfield>
    <subfield code="i">I12o</subfield>
    <subfield code="n">0</subfield>
  </datafield>
  <datafield tag="999" ind1=" " ind2=" ">
    <subfield code="c">4127</subfield>
    <subfield code="d">4127</subfield>
  </datafield>
  <datafield tag="952" ind1=" " ind2=" ">
    <subfield code="0">0</subfield>
    <subfield code="1">0</subfield>
    <subfield code="2">ddc</subfield>
    <subfield code="3">2019</subfield>
    <subfield code="4">0</subfield>
    <subfield code="7">0</subfield>
    <subfield code="8">Revistas</subfield>
    <subfield code="a">LV</subfield>
    <subfield code="b">LV</subfield>
    <subfield code="d">2023-08-16</subfield>
    <subfield code="h">6</subfield>
    <subfield code="i">003222</subfield>
    <subfield code="l">0</subfield>
    <subfield code="o">779.942.092 I12o</subfield>
    <subfield code="p">003222</subfield>
    <subfield code="r">2023-08-16 00:00:00</subfield>
    <subfield code="w">2023-08-16</subfield>
    <subfield code="y">1</subfield>
  </datafield>
</record>
